| 000 | 00829cam a2200217 4500 | ||
|---|---|---|---|
| 001 | J2357 | ||
| 008 | 090401t1994 xxu||||| |||| 00| 0 eng d | ||
| 035 | _a(Sirsi) u48645 | ||
| 041 | _aeng | ||
| 050 | _a692.5 | ||
| 110 |
_aBuilding Cost Information Service _91096 |
||
| 245 | _aBCIS quarterly review of building prices. - No. 53 (March 1994) - No. 56 (December 1994) | ||
| 260 |
_aKingston upon Thames _bBuilding Cost Information Service _c1994 |
||
| 300 | _a4 pt. ; 30cm. | ||
| 350 | _a0 | ||
| 520 | _aThis item is part of a subscription service and cannot be photocopied. Neither can any part of it be read out over the phone. Please contact BCIS direct on 0171-222-70000 for details. | ||
| 650 | _aBUILT ENVIRONMENT-BUILDING COSTS | ||
| 690 | _aBUILT ENVIRONMENT-BUILDING COSTS | ||
| 942 | _n0 | ||
| 948 | _c04/03/1997 | ||
| 999 |
_c92381 _d92381 |
||